[Event "10. Lichtenberger Sommer"]
[Site "Berlin"]
[Date "2011.08.17"]
[Round "5.65"]
[White "Boeck, Ruediger"]
[Black "Mayer, Herbert"]
[Result "1/2-1/2"]
[WhiteElo "1830"]
[BlackElo "1948"]
[PlyCount "59"]
[EventDate "2011.??.??"]
[WhiteTeam "SC Weisse Dame Ulm e.V."]
[BlackTeam "SC Rochade e.V."]

1. e4 c5 2. Nf3 a6 3. d4 cxd4 4. Nxd4 Nf6 5. Nc3 e5 6. Nf3 Bb4 7. Bd2 O-O 8.
Bd3 d6 9. O-O Bg4 10. h3 Bh5 11. a3 Bxc3 12. Bxc3 Nbd7 13. b4 Qc7 14. Bd2 d5
15. Qe2 d4 16. Rac1 Rfe8 17. c3 Qb6 18. Bb1 h6 19. Qd3 Bg6 20. Rfe1 Rad8 21.
Nh4 Bh7 22. Nf5 Nf8 23. Qg3 Bxf5 24. exf5 dxc3 25. Bxc3 N6d7 26. Bxe5 Nxe5 27.
Rxe5 Qd4 28. Rxe8 Rxe8 29. Qd3 Qb2 30. Rf1 1/2-1/2

[Event "10. Lichtenberger Sommer"]
[Site "Berlin"]
[Date "2011.08.17"]
[Round "5.66"]
[White "Bullig, Reinhard"]
[Black "Mueller, Achim"]
[Result "0-1"]
[WhiteElo "1730"]
[BlackElo "2074"]
[PlyCount "66"]
[EventDate "2011.??.??"]
[WhiteTeam "Sfrd. Berlin 1903 e.V."]
[BlackTeam "Verein Rheinbacher Schachfreunde"]

1. Nf3 f5 2. b3 Nf6 3. Bb2 g6 4. e3 Bg7 5. d4 e6 6. c4 d6 7. Bd3 O-O 8. Bc2 b6
9. Nc3 Bb7 10. Qe2 Ne4 11. O-O-O Nd7 12. Nxe4 fxe4 13. Nd2 d5 14. h4 h6 15. f4
Nf6 16. g4 h5 17. gxh5 gxh5 18. Nf1 Kh8 19. Ng3 Qe8 20. Rdg1 Rc8 21. Bd1 Ba6
22. Nxh5 Nxh5 23. Qxh5+ Qxh5 24. Bxh5 dxc4 25. Be2 c5 26. dxc5 Bxb2+ 27. Kxb2
c3+ 28. Kxc3 Bxe2 29. Kd2 Bf3 30. Rh3 Rxc5 31. Rxf3 Rd8+ 32. Ke2 Rc2+ 33. Ke1
Rc1+ 0-1

[Event "10. Lichtenberger Sommer"]
[Site "Berlin"]
[Date "2011.08.17"]
[Round "5.67"]
[White "Junge, Wolfgang"]
[Black "Prix, Siegfried"]
[Result "0-1"]
[WhiteElo "1776"]
[BlackElo "1782"]
[PlyCount "57"]
[EventDate "2011.??.??"]
[WhiteTeam "SC Friesen Lichtenberg e.V."]
[BlackTeam "Sfrd. Berlin 1903 e.V."]

1. d4 d5 2. c4 e6 3. Nc3 Nf6 4. Bg5 Nbd7 5. Nf3 Be7 6. e3 O-O 7. Rc1 c6 8. Bd3
dxc4 9. Bxc4 Nd5 10. Bxe7 Qxe7 11. O-O Nxc3 12. Rxc3 e5 13. Qc2 exd4 14. exd4
Nf6 15. Re3 Qd6 16. Rfe1 Nd5 17. Re5 Be6 18. Ng5 Nf6 19. Nxe6 fxe6 20. Rxe6 Qb4
21. Rxf6+ Kh8 22. Rxf8+ Rxf8 23. Qc3 Qd6 24. Qe3 Qf6 25. f3 b5 26. Bb3 a5 27.
Qe5 Qd8 28. Kf1 a4 29. Bc2 0-1

[Event "10. Lichtenberger Sommer"]
[Site "Berlin"]
[Date "2011.08.17"]
[Round "5.68"]
[White "Schmitt, Jens-Ole"]
[Black "Kapp, Frank"]
[Result "1-0"]
[WhiteElo "1557"]
[BlackElo "1894"]
[PlyCount "149"]
[EventDate "2011.??.??"]
[WhiteTeam "SG Narva Berlin e.V."]
[BlackTeam "TSV IFA Chemnitz"]

1. e4 e6 2. b3 b6 3. Bb2 Bb7 4. Nc3 Nf6 5. Bd3 e5 6. Nf3 d6 7. Qe2 Be7 8. h3 a5
9. O-O-O Nbd7 10. Bc4 O-O 11. g4 c6 12. g5 Nh5 13. Nh4 Nf4 14. Qg4 b5 15. Bf1
Nc5 16. f3 Bc8 17. Nf5 Bxf5 18. exf5 Bxg5 19. h4 Bh6 20. Kb1 Nd7 21. Ne4 d5 22.
Ng5 Nf6 23. Qg3 N6h5 24. Qg4 f6 25. Ne6 Nxe6 26. fxe6 Nf4 27. d4 f5 28. Qg3 Rf6
29. h5 Nxe6 30. dxe5 Rf7 31. Bc1 Bxc1 32. Rxc1 f4 33. Qg4 Qe7 34. Rg1 Ra7 35.
Bd3 Nf8 36. Rce1 a4 37. h6 axb3 38. cxb3 c5 39. e6 Rf6 40. hxg7 Ng6 41. Qh5
Qxg7 42. Qxd5 Qe7 43. Bxb5 Kh8 44. Bc4 Rc7 45. Rd1 Rf8 46. Qh5 Rf6 47. Rg5 Rxe6
48. Bxe6 Qxe6 49. Rxc5 Rxc5 50. Qxc5 Kg7 51. Qd4+ Kh6 52. Rh1+ Kg5 53. Qg1+ Kf6
54. Qd4+ Kg5 55. Qd8+ Ne7 56. Rg1+ Kh4 57. Qd2 Qf5+ 58. Qc2 Qxc2+ 59. Kxc2 h5
60. Kd3 Nf5 61. Ke4 Ng3+ 62. Ke5 Kh3 63. Rb1 Ne2 64. Rh1+ Kg2 65. Rxh5 Kxf3 66.
a4 Kg3 67. Rh8 f3 68. Rf8 Nc1 69. a5 Nxb3 70. a6 Nc5 71. Rg8+ Kh3 72. a7 Nd7+
73. Kd6 Nb6 74. Kc6 Nc8 75. Rxc8 1-0

[Event "10. Lichtenberger Sommer"]
[Site "Berlin"]
[Date "2011.08.17"]
[Round "5.69"]
[White "Schwarz, Oliver"]
[Black "Kasper, Peter"]
[Result "1-0"]
[WhiteElo "1960"]
[BlackElo "1808"]
[PlyCount "69"]
[EventDate "2011.??.??"]
[WhiteTeam "SV Königsjäger Süd-West e.V."]
[BlackTeam "SG Eckturm"]

1. e4 c6 2. d4 d5 3. exd5 cxd5 4. c4 dxc4 5. Bxc4 e6 6. Nc3 Nf6 7. Nf3 a6 8.
Qe2 Be7 9. O-O Nbd7 10. Re1 Nb6 11. Bb3 O-O 12. Be3 Nbd5 13. Bc2 Nb4 14. Bb3
Nbd5 15. Rad1 b5 16. Nxd5 Nxd5 17. Ne5 Bb7 18. Qh5 Nf6 19. Qh3 Bb4 20. Re2 Be4
21. Bg5 Bf5 22. g4 Bg6 23. Nxg6 hxg6 24. Rxe6 Re8 25. Rxe8+ Qxe8 26. Qf3 Rc8
27. Bxf6 gxf6 28. Qxf6 Rc7 29. Qxg6+ Kh8 30. Qh6+ Kg8 31. Qg6+ Kh8 32. Qh6+ Kg8
33. Qg5+ Kf8 34. a3 Bd6 35. Qh6+ 1-0

[Event "10. Lichtenberger Sommer"]
[Site "Berlin"]
[Date "2011.08.17"]
[Round "5.71"]
[White "Sube, Günter"]
[Black "Horbach, Fabian"]
[Result "0-1"]
[WhiteElo "1842"]
[BlackElo "2022"]
[PlyCount "74"]
[EventDate "2011.??.??"]
[WhiteTeam "SV Bau-Union e.V."]
[BlackTeam "Schachverein 1949 Herzogenrath"]

1. e4 c5 2. Nc3 Nc6 3. f4 d6 4. Nf3 g6 5. a3 Bg7 6. Bc4 e6 7. d3 Nge7 8. O-O
O-O 9. Ne2 d5 10. Ba2 dxe4 11. dxe4 b6 12. Qxd8 Rxd8 13. c3 Ba6 14. Re1 Bd3 15.
Ng3 Rd7 16. Be3 c4 17. Rad1 Rad8 18. Rd2 b5 19. Red1 Bh6 20. Ne1 e5 21. Nxd3
Rxd3 22. Rxd3 Rxd3 23. Rxd3 cxd3 24. Bd2 exf4 25. Nf1 Ne5 26. h3 Nc4 27. Bxc4
bxc4 28. Nh2 f5 29. exf5 Nxf5 30. Ng4 g5 31. h4 Kg7 32. Nxh6 Kxh6 33. hxg5+
Kxg5 34. Kf2 Kg4 35. Be1 Ng3 36. b4 cxb3 37. c4 d2 0-1

[Event "10. Lichtenberger Sommer"]
[Site "Berlin"]
[Date "2011.08.17"]
[Round "5.72"]
[White "Cerdan Herraez, Manuel Vicente"]
[Black "Schmidek, Emil"]
[Result "0-1"]
[WhiteElo "1861"]
[BlackElo "1732"]
[PlyCount "52"]
[EventDate "2011.??.??"]
[WhiteTeam "CIM Benimaclet Valencia"]
[BlackTeam "TuS Makkabi Berlin e.V."]

1. e4 e5 2. Nf3 Nc6 3. d4 exd4 4. Nxd4 Bc5 5. Nxc6 bxc6 6. Nc3 Ne7 7. Bd3 O-O
8. O-O d5 9. Na4 Bb6 10. e5 Ng6 11. Bxg6 hxg6 12. Bf4 Qh4 13. g3 Qh3 14. Qf3
Qf5 15. Qd3 Qh3 16. Qd2 Bg4 17. Qd3 Bf5 18. Nxb6 Bxd3 19. cxd3 axb6 20. b3 Qf5
21. d4 g5 22. Be3 Kh7 23. f4 g4 24. h3 gxh3 25. Kf2 Qc2+ 26. Ke1 Rxa2 0-1

[Event "10. Lichtenberger Sommer"]
[Site "Berlin"]
[Date "2011.08.17"]
[Round "5.73"]
[White "Schwedek, Tony"]
[Black "Huebner, Alan-Ari"]
[Result "1-0"]
[WhiteElo "1848"]
[BlackElo "1636"]
[PlyCount "45"]
[EventDate "2011.??.??"]
[WhiteTeam "SC Zitadelle Spandau 1977 e.V."]
[BlackTeam "TuS Makkabi Berlin e.V."]

1. d4 d5 2. c4 dxc4 3. Nf3 Nf6 4. e3 Bg4 5. Bxc4 e6 6. O-O a6 7. Nc3 Nc6 8. Bd2
Bd6 9. Be2 O-O 10. a3 Re8 11. Qc2 Nd5 12. Ne4 Bf5 13. Bd3 Nf6 14. Nxf6+ Qxf6
15. e4 Nxd4 16. Nxd4 Qxd4 17. exf5 exf5 18. Bc3 Qf4 19. g3 Qf3 20. Bxf5 h6 21.
Rae1 Kf8 22. Be4 Qg4 23. Bxb7 1-0

[Event "10. Lichtenberger Sommer"]
[Site "Berlin"]
[Date "2011.08.17"]
[Round "5.74"]
[White "Schreyer, Erik"]
[Black "Knaut, Jonathan"]
[Result "1-0"]
[WhiteElo "1831"]
[BlackElo "1613"]
[PlyCount "107"]
[EventDate "2011.??.??"]
[WhiteTeam "Schachverein 1949 Herzogenrath"]
[BlackTeam "SV Königsjäger Süd-West e.V."]

1. e4 c6 2. d4 d5 3. exd5 cxd5 4. Bd3 Nf6 5. c3 Nc6 6. Bf4 e6 7. Nf3 Bd6 8.
Bxd6 Qxd6 9. O-O O-O 10. Re1 Re8 11. Nbd2 e5 12. dxe5 Nxe5 13. Rxe5 Rxe5 14.
Nc4 dxc4 15. Bxh7+ Kxh7 16. Qxd6 Rd5 17. Qf8 b5 18. Nd4 Bb7 19. Qxf7 Rd7 20.
Qe6 Re8 21. Qf5+ Kg8 22. Qxb5 Rde7 23. h3 Bd5 24. g4 g5 25. Rf1 Rh7 26. Nf5
Rxh3 27. Qxe8+ Nxe8 28. Ne7+ Kf7 29. Nxd5 Rd3 30. Ne3 Nf6 31. Nxc4 Ke6 32. Re1+
Kd5 33. Ne3+ Ke4 34. Kg2 Kf4 35. Re2 Nxg4 36. Nxg4 Kxg4 37. Re4+ Kf5 38. Ra4
Rd2 39. b3 Rd7 40. Kg3 Rd3+ 41. f3 Rxc3 42. Rxa7 Rc1 43. b4 Rb1 44. Ra5+ Kf6
45. b5 Ke7 46. a4 Rb4 47. Ra6 Kd7 48. b6 Kc6 49. a5 Rb5 50. b7+ Kxb7 51. Rb6+
Rxb6 52. axb6 Kxb6 53. Kg4 Kc6 54. Kxg5 1-0

[Event "10. Lichtenberger Sommer"]
[Site "Berlin"]
[Date "2011.08.17"]
[Round "5.75"]
[White "Hahne, Carsten"]
[Black "Dittrich, Hans-Georg"]
[Result "1/2-1/2"]
[WhiteElo "1818"]
[BlackElo "1698"]
[PlyCount "26"]
[EventDate "2011.??.??"]
[WhiteTeam "vereinslos"]
[BlackTeam "SG Blau-Weiß Stadtilm"]

1. d4 Nf6 2. c4 e6 3. Nc3 b6 4. f3 Bb7 5. e4 h6 6. Bd3 d5 7. Be3 Be7 8. Qa4+ c6
9. b4 dxc4 10. Bb1 b5 11. Qc2 Bxb4 12. Nge2 Nbd7 13. O-O Qc7 1/2-1/2

[Event "10. Lichtenberger Sommer"]
[Site "Berlin"]
[Date "2011.08.17"]
[Round "5.76"]
[White "Kretzschmar, Jan"]
[Black "Bandlow, Matthias"]
[Result "1/2-1/2"]
[WhiteElo "1807"]
[BlackElo "1988"]
[PlyCount "51"]
[EventDate "2011.??.??"]
[WhiteTeam "SC Kreuzberg e.V."]
[BlackTeam "SC Borussia Friedrichsfelde 1920"]

1. d4 d5 2. Nf3 e6 3. e3 Nf6 4. Nbd2 Bd6 5. Bd3 O-O 6. b3 c5 7. dxc5 Bxc5 8.
Bb2 Nbd7 9. O-O a6 10. c4 dxc4 11. Nxc4 b5 12. Nce5 Nxe5 13. Nxe5 Bb7 14. Rc1
Qb6 15. Qe2 Rfd8 16. Rfd1 Rd5 17. h4 Rad8 18. g4 h6 19. g5 hxg5 20. hxg5 Nd7
21. Bh7+ Kf8 22. Rxd5 Bxd5 23. Nxd7+ Rxd7 24. Qc2 Be7 25. Bd4 Qb7 26. Qc8+
1/2-1/2

[Event "10. Lichtenberger Sommer"]
[Site "Berlin"]
[Date "2011.08.17"]
[Round "5.77"]
[White "Bolshakov, Konstantin"]
[Black "Walter, Günter"]
[Result "1-0"]
[WhiteElo "1618"]
[BlackElo "1990"]
[PlyCount "49"]
[EventDate "2011.??.??"]
[WhiteTeam "SG 1871 Löberitz"]
[BlackTeam "TSG Oberschöneweide e.V."]

1. d4 Nf6 2. Nf3 e6 3. c4 c5 4. d5 exd5 5. cxd5 Bd6 6. Nc3 O-O 7. Bg5 Re8 8.
Qc2 Bc7 9. e4 Ba5 10. Be2 d6 11. h3 h6 12. Bxf6 Qxf6 13. O-O a6 14. a4 Nd7 15.
Nd2 Qg6 16. f4 Nb6 17. Rf3 Bxc3 18. Qxc3 Nxd5 19. exd5 Rxe2 20. Rg3 Qh7 21. Nc4
Rc2 22. Qf6 Bd7 23. Nxd6 Rf8 24. Re1 Bxa4 25. Re7 1-0

[Event "10. Lichtenberger Sommer"]
[Site "Berlin"]
[Date "2011.08.17"]
[Round "5.79"]
[White "Herrmann, Eberhard"]
[Black "Kuschfeldt, Karsten"]
[Result "0-1"]
[WhiteElo "1876"]
[BlackElo "1554"]
[PlyCount "66"]
[EventDate "2011.??.??"]
[WhiteTeam "SC Friesen Lichtenberg e.V."]
[BlackTeam "SV Königsjäger Süd-West e.V."]

1. e4 e5 2. Nf3 Nf6 3. Nc3 Nc6 4. Bc4 Nxe4 5. Nxe4 d5 6. Bb5 dxe4 7. Nxe5 Qg5
8. Nxc6 Qxb5 9. Nd4 Qd5 10. Nb3 Bb4 11. O-O O-O 12. a3 Bd6 13. Qe2 Qe5 14. f4
exf3 15. Qxe5 Bxe5 16. Rxf3 Bg4 17. Rf1 Rae8 18. c3 b6 19. d4 Be6 20. Nd2 Bd6
21. b3 Bd5 22. c4 Bb7 23. Nf3 Re2 24. d5 c6 25. dxc6 Bxc6 26. b4 Bb7 27. Rf2
Rfe8 28. g3 Bxf3 29. Rxf3 Be5 30. Rb1 Bd4+ 31. Kf1 Rxh2 32. Rf4 Bc3 33. Kg1 Rc2
0-1

[Event "10. Lichtenberger Sommer"]
[Site "Berlin"]
[Date "2011.08.17"]
[Round "5.80"]
[White "Rehder, Frank"]
[Black "Voeller, Lothar"]
[Result "1-0"]
[WhiteElo "1947"]
[BlackElo "1662"]
[PlyCount "75"]
[EventDate "2011.??.??"]
[WhiteTeam "SC Zugzwang 95 e.V."]
[BlackTeam "Freier Sportverein von 1898 Dort"]

1. d4 d5 2. Nf3 Nf6 3. b3 e6 4. Bb2 c5 5. e3 Nc6 6. Bd3 a6 7. c4 Nb4 8. Be2
dxc4 9. bxc4 Bd7 10. O-O Be7 11. Ne5 O-O 12. Nxd7 Qxd7 13. a3 Nc6 14. Qd3 Rfd8
15. Rd1 Qc7 16. Qc2 cxd4 17. exd4 Qf4 18. g3 Qh6 19. Bf3 Qg6 20. Qe2 Re8 21.
Nd2 h5 22. h3 h4 23. g4 Bd6 24. Bg2 Qc2 25. Rab1 Qg6 26. Ne4 Nxe4 27. Bxe4 f5
28. Bc2 Qg5 29. Bc1 f4 30. Rxb7 e5 31. Qe4 Ne7 32. c5 g6 33. cxd6 Nf5 34. Qd5+
Kh8 35. dxe5 Nh6 36. f3 Rf8 37. Bb2 Ng8 38. e6+ 1-0

[Event "10. Lichtenberger Sommer"]
[Site "Berlin"]
[Date "2011.08.17"]
[Round "5.81"]
[White "Poeltelt, Helmut"]
[Black "Ruether, Marc"]
[Result "1-0"]
[WhiteElo "1716"]
[BlackElo "1808"]
[PlyCount "112"]
[EventDate "2011.??.??"]
[WhiteTeam "SC Eintracht Berlin e.V."]
[BlackTeam "Queer-Springer SSV Berlin"]

1. e4 c5 2. Nc3 Nc6 3. g3 g6 4. Bg2 Bg7 5. Nge2 d6 6. d3 e5 7. Nd5 Nge7 8. Bg5
O-O 9. Nf6+ Kh8 10. Qd2 Nd4 11. Nc3 h6 12. h4 Ng8 13. Nxg8 hxg5 14. hxg5+ Kxg8
15. Nd5 Bg4 16. c3 Bf3 17. cxd4 Bxg2 18. Rh2 Bf3 19. dxc5 dxc5 20. Qc3 Bg4 21.
Qxc5 Re8 22. Qe3 Be6 23. Nf6+ Bxf6 24. gxf6 Qxf6 25. Rh6 Rec8 26. Kd2 Qe7 27.
Rah1 Qb4+ 28. Kd1 Kf8 29. Qg5 Ke8 30. Qxe5 Kd7 31. Rxg6 fxg6 32. Rh7+ Kc6 33.
Qxe6+ Qd6 34. Qc4+ Kb6 35. Qb3+ Ka5 36. Rxb7 Qc5 37. Qc3+ Qxc3 38. bxc3 Rxc3
39. Kd2 Rc6 40. d4 Ka6 41. Rb3 Rb6 42. e5 Rxb3 43. axb3 Kb6 44. f4 Kc6 45. g4
Rf8 46. Ke3 Kd5 47. b4 a6 48. e6 Kxe6 49. Ke4 Rb8 50. f5+ gxf5+ 51. gxf5+ Kf6
52. Kd5 Rxb4 53. Kc6 Rb1 54. d5 a5 55. d6 a4 56. d7 Rd1 1-0

[Event "10. Lichtenberger Sommer"]
[Site "Berlin"]
[Date "2011.08.17"]
[Round "5.82"]
[White "Koischwitz, Wanja"]
[Black "Theilig, Reinhard"]
[Result "1-0"]
[WhiteElo "1813"]
[BlackElo "1701"]
[PlyCount "53"]
[EventDate "2011.??.??"]
[WhiteTeam "Queer-Springer SSV Berlin"]
[BlackTeam "VfB Hermsdorf e.V."]

1. d4 Nf6 2. Nf3 e6 3. e3 d5 4. Bd3 Nbd7 5. O-O c5 6. c3 Be7 7. Nbd2 O-O 8. e4
dxe4 9. Nxe4 cxd4 10. Nxd4 Nc5 11. Nxf6+ Bxf6 12. Bc2 Qc7 13. Qh5 g6 14. Qf3
Bg7 15. b4 Nd7 16. Bb3 Ne5 17. Qg3 Qd8 18. Rd1 Qe8 19. b5 Nd7 20. Ba3 Nf6 21.
Bxf8 Bxf8 22. a4 Ne4 23. Qe3 Nc5 24. c4 Bg7 25. Rab1 e5 26. Nc6 Nxb3 27. Rd8
1-0

[Event "10. Lichtenberger Sommer"]
[Site "Berlin"]
[Date "2011.08.17"]
[Round "5.83"]
[White "Stadtmueller, Harald"]
[Black "Muehlhan, Klaus"]
[Result "1-0"]
[WhiteElo "2132"]
[BlackElo "1986"]
[PlyCount "63"]
[EventDate "2011.??.??"]
[WhiteTeam "VSG 1880 Offenbach"]
[BlackTeam "SC Empor Potsdam 1952 e.V."]

1. d4 Nf6 2. Nf3 e6 3. Bf4 Be7 4. e3 Nh5 5. Bg3 Nxg3 6. hxg3 c5 7. c3 d5 8. Bd3
g6 9. Nbd2 c4 10. Bc2 Nc6 11. e4 b5 12. a3 a5 13. Qe2 Bd7 14. Qe3 b4 15. exd5
bxc3 16. bxc3 exd5 17. Ba4 Qc7 18. Kf1 Qd6 19. Ng5 h5 20. Ndf3 O-O 21. Bxc6
Bxc6 22. g4 hxg4 23. Ne5 Bf6 24. Nh7 Rfe8 25. Nxf6+ Qxf6 26. Qh6 Ba4 27. Nxg4
Qg7 28. Qg5 Ra6 29. Qxd5 Bb3 30. Nh6+ Kf8 31. Qc5+ Re7 32. Qc8+ 1-0

[Event "10. Lichtenberger Sommer"]
[Site "Berlin"]
[Date "2011.08.17"]
[Round "5.84"]
[White "Priese, Annika"]
[Black "Schilly, Hans-Joachim"]
[Result "0-1"]
[WhiteElo "1462"]
[BlackElo "1835"]
[PlyCount "102"]
[EventDate "2011.??.??"]
[WhiteTeam "SG 1871 Löberitz"]
[BlackTeam "SF Siemensstadt"]

1. e4 c6 2. d4 d5 3. e5 Bf5 4. Nf3 e6 5. Be2 Nd7 6. O-O Ne7 7. Nh4 Qb6 8. b3 c5
9. Be3 cxd4 10. Bxd4 Qc7 11. c4 dxc4 12. Bxc4 Nxe5 13. Bb5+ N5c6 14. Re1 a6 15.
Bc4 O-O-O 16. Nf3 Nxd4 17. Nxd4 Nc6 18. Nc3 Rxd4 19. Qf3 Bb4 20. Rac1 Ba3 21.
Rcd1 Bg4 22. Qe3 Rxd1 23. Nxd1 Rd8 24. Nc3 Bb4 25. Rc1 Kb8 26. Bf1 Ba3 27. Re1
Bb4 28. Rc1 Bf5 29. h3 Qa5 30. Na4 Bd2 31. Qg3+ Qe5 32. Qxe5+ Nxe5 33. Rc5 Nd3
34. Bxd3 Bxd3 35. Nb6 Bb4 36. Rc1 Bb5 37. Nc4 Bxc4 38. Rxc4 Rd1+ 39. Kh2 Bd6+
40. g3 Rd2 41. Kg2 Rxa2 42. Rd4 Bc5 43. Rf4 f6 44. h4 e5 45. Rf3 b5 46. Kg1 a5
47. Kf1 Kb7 48. Kg1 Bxf2+ 49. Rxf2 Rxf2 50. Kxf2 a4 51. bxa4 bxa4 0-1

[Event "10. Lichtenberger Sommer"]
[Site "Berlin"]
[Date "2011.08.17"]
[Round "5.85"]
[White "Hitzelberger, Michael"]
[Black "Lange, Rudolf"]
[Result "0-1"]
[WhiteElo "1284"]
[BlackElo "1830"]
[PlyCount "80"]
[EventDate "2011.??.??"]
[WhiteTeam "Sfrd. Berlin 1903 e.V."]
[BlackTeam "SG Narva Berlin e.V."]

1. e4 c5 2. Nf3 Nc6 3. d4 cxd4 4. Nxd4 g6 5. c3 Bg7 6. Be3 Nf6 7. Nd2 O-O 8.
Be2 d5 9. exd5 Nxd5 10. Nxc6 bxc6 11. Bg5 Qc7 12. O-O Rb8 13. Qc1 Qe5 14. Be3
Nxe3 15. fxe3 Qxe3+ 16. Rf2 Bh6 17. Bf3 Rd8 18. Nb3 Qxc1+ 19. Nxc1 Be3 20. Nb3
Be6 21. Kf1 Bxf2 22. Kxf2 Bxb3 23. axb3 Rxb3 24. Rxa7 Rxb2+ 25. Kg3 e6 26. Bxc6
Rc2 27. Ra3 Rc8 28. Bf3 R2xc3 29. Ra4 R8c7 30. h3 Kg7 31. Kh2 f5 32. Ra6 Re7
33. Rb6 e5 34. Rb2 e4 35. Be2 f4 36. Kg1 f3 37. gxf3 exf3 38. Bb5 Rb7 39. Rb1
Rc5 40. Bd3 Rxb1+ 0-1

[Event "10. Lichtenberger Sommer"]
[Site "Berlin"]
[Date "2011.08.17"]
[Round "5.87"]
[White "Mahler, Sonja"]
[Black "Yuan, Yizheng"]
[Result "0-1"]
[WhiteElo "1656"]
[BlackElo "1889"]
[PlyCount "60"]
[EventDate "2011.??.??"]
[WhiteTeam "SC Kreuzberg e.V."]
[BlackTeam "Schachpinguine Berlin e.V."]

1. d4 Nf6 2. Bf4 e6 3. Nf3 b6 4. e3 Bb7 5. a3 Be7 6. c4 c5 7. Nc3 cxd4 8. Nxd4
a6 9. Bd3 O-O 10. Rg1 d5 11. g4 dxc4 12. Bb1 Nd5 13. Qc2 g6 14. Bh6 Re8 15. g5
Qd6 16. h4 Nf4 17. Nd1 Nd3+ 18. Kf1 Nc6 19. Nf3 Nce5 20. Nd2 Red8 21. Ke2 Qc6
22. Qc3 b5 23. Bxd3 cxd3+ 24. Kf1 Qxc3 25. bxc3 Nc4 26. Nb1 Bf3 27. Ke1 d2+ 28.
Nxd2 Rxd2 29. Rg3 Re2+ 30. Kf1 Nd2+ 0-1

[Event "10. Lichtenberger Sommer"]
[Site "Berlin"]
[Date "2011.08.17"]
[Round "5.88"]
[White "Peter, Volkhard"]
[Black "Llacer Bosbach, Ana"]
[Result "1-0"]
[WhiteElo "1810"]
[BlackElo "1526"]
[PlyCount "75"]
[EventDate "2011.??.??"]
[WhiteTeam "Schachclub Oranienburg e.V."]
[BlackTeam "CIM Benimaclet Valencia"]

1. e4 e5 2. f4 Nc6 3. Nf3 d6 4. Bc4 Be7 5. O-O Nf6 6. Nc3 O-O 7. d4 exd4 8.
Nxd4 Nxd4 9. Qxd4 Be6 10. Be2 c5 11. Qd1 Rc8 12. Be3 a6 13. f5 Bd7 14. Bf3 Bc6
15. Qe1 b5 16. Rd1 Qc7 17. Bf4 Rfd8 18. Nd5 Bxd5 19. exd5 Re8 20. Qg3 Qd7 21.
Bh6 Bf8 22. Bg5 Ne4 23. Bxe4 Rxe4 24. h3 Kh8 25. f6 g6 26. Be3 Qe8 27. Bf4 Qd8
28. c3 Qxf6 29. Bg5 Qxf1+ 30. Rxf1 Rce8 31. Rxf7 b4 32. cxb4 Kg8 33. Qf3 Bg7
34. Rxg7+ Kxg7 35. Qf6+ Kg8 36. Bh6 Re1+ 37. Kh2 R1e7 38. Qxd6 1-0

[Event "10. Lichtenberger Sommer"]
[Site "Berlin"]
[Date "2011.08.17"]
[Round "5.89"]
[White "Kujawa, Werner"]
[Black "Moeller, Dirk"]
[Result "0-1"]
[WhiteElo "1836"]
[BlackElo "1683"]
[PlyCount "52"]
[EventDate "2011.??.??"]
[WhiteTeam "SV Motor Wildau e.V."]
[BlackTeam "SC Kreuzberg e.V."]

1. Nf3 Nc6 2. d4 d5 3. c4 Nf6 4. cxd5 Nxd5 5. e4 Nf6 6. Nc3 e6 7. Bc4 Bb4 8.
Bg5 h6 9. Bxf6 gxf6 10. Qb3 Rg8 11. O-O-O Qe7 12. Bb5 Bd7 13. d5 Nb8 14. dxe6
fxe6 15. Bxd7+ Nxd7 16. Kb1 O-O-O 17. Rhg1 Nb6 18. Nd4 Bxc3 19. Qxc3 Na4 20.
Qa5 Nb6 21. Qxa7 Qb4 22. Nxe6 Qxe4+ 23. Ka1 Rxd1+ 24. Rxd1 Qxe6 25. a4 Qc4 26.
Kb1 Qxa4 0-1

[Event "10. Lichtenberger Sommer"]
[Site "Berlin"]
[Date "2011.08.17"]
[Round "5.90"]
[White "Petry, Thomas"]
[Black "Paris, Gerhard"]
[Result "1-0"]
[WhiteElo "1637"]
[BlackElo "1628"]
[PlyCount "65"]
[EventDate "2011.??.??"]
[WhiteTeam "SC Friesen Lichtenberg e.V."]
[BlackTeam "TSG Oberschöneweide e.V."]

1. e4 e5 2. Nf3 d6 3. d4 exd4 4. Nxd4 g6 5. Bc4 Bg7 6. O-O Nf6 7. Bg5 O-O 8. c3
h6 9. Bxf6 Qxf6 10. Nd2 Nc6 11. Nxc6 bxc6 12. Qa4 Bd7 13. Rfe1 Qe7 14. Qa5 Qd8
15. h3 Re8 16. Nf3 Be5 17. Rad1 Qf6 18. Qxc7 Bxh3 19. Nxe5 Rxe5 20. Rxd6 Be6
21. Red1 Rxe4 22. Qxc6 Qe5 23. Qxa8+ Kg7 24. Bf1 Rh4 25. g3 Rh5 26. Rd8 Kf6 27.
Re8 Qc7 28. Be2 Rh3 29. Qf3+ Kg7 30. Rdd8 f5 31. Qe3 g5 32. Qxe6 Rxg3+ 33. Kf1
1-0

[Event "10. Lichtenberger Sommer"]
[Site "Berlin"]
[Date "2011.08.17"]
[Round "5.91"]
[White "Hänisch, Christoph"]
[Black "Werninghaus, Klaus Peter"]
[Result "1-0"]
[WhiteElo "1631"]
[BlackElo "1647"]
[PlyCount "109"]
[EventDate "2011.??.??"]
[WhiteTeam "SK Zehlendorf e.V."]
[BlackTeam "Dortmunder Schachverein 1875"]

1. d4 d5 2. c4 e6 3. Nf3 Nf6 4. Nc3 c6 5. Bg5 Nbd7 6. e3 h6 7. Bxf6 Nxf6 8. Bd3
dxc4 9. Bxc4 Bd6 10. e4 Bb4 11. Qc2 O-O 12. O-O Re8 13. e5 Nd7 14. Ne4 Be7 15.
a3 Nf8 16. b4 b5 17. Ba2 Bb7 18. Rad1 Rc8 19. Nc5 Bxc5 20. dxc5 Qc7 21. Rd6 Re7
22. Rfd1 Rd7 23. Bb1 Rcd8 24. Nd2 g6 25. Ne4 Nh7 26. Qd2 Rxd6 27. exd6 Qd7 28.
Qxh6 Bc8 29. Qh4 Kg7 30. Qg3 f5 31. Qe5+ Kf7 32. Nd2 Nf6 33. Nf3 Nh7 34. h4 Kg8
35. Ng5 Nxg5 36. hxg5 Qg7 37. Qxg7+ Kxg7 38. f4 Bd7 39. Re1 Kf7 40. Ba2 a5 41.
bxa5 Ra8 42. Ra1 Rxa5 43. Bb3 Ra8 44. a4 Ra5 45. Ra2 Kf8 46. axb5 Rxa2 47. Bxa2
cxb5 48. Kf2 Ke8 49. Ke3 Kd8 50. Kd4 Ke8 51. g3 Kf8 52. Kc3 Ke8 53. Kb4 Kd8 54.
Bb1 Bc6 55. Bd3 1-0

[Event "10. Lichtenberger Sommer"]
[Site "Berlin"]
[Date "2011.08.17"]
[Round "5.92"]
[White "Bieg, Pascal"]
[Black "Winz, Michael"]
[Result "1-0"]
[WhiteElo "1751"]
[BlackElo "1684"]
[PlyCount "51"]
[EventDate "2011.??.??"]
[WhiteTeam "SV Königsjäger Süd-West e.V."]
[BlackTeam "SC Friesen Lichtenberg e.V."]

1. d4 d5 2. c4 Nf6 3. cxd5 Nxd5 4. Nf3 e6 5. e4 Bb4+ 6. Bd2 Bxd2+ 7. Qxd2 Nf6
8. Nc3 O-O 9. Bd3 Nbd7 10. Rd1 Qe7 11. e5 Nd5 12. Bb1 Nxc3 13. bxc3 c5 14. Qd3
g6 15. h4 cxd4 16. cxd4 b6 17. h5 Bb7 18. Nh4 Qg5 19. hxg6 fxg6 20. Qh3 Kf7 21.
Nf3 Bxf3 22. Qxh7+ Ke8 23. gxf3 Rxf3 24. Qh4 Qxh4 25. Rxh4 Nf8 26. Be4 1-0

[Event "10. Lichtenberger Sommer"]
[Site "Berlin"]
[Date "2011.08.17"]
[Round "5.93"]
[White "Mako, Attila"]
[Black "Wierzbicki, Jirawat"]
[Result "0-1"]
[WhiteElo "1702"]
[BlackElo "1451"]
[PlyCount "84"]
[EventDate "2011.??.??"]
[WhiteTeam "BSC Rehberge 1945 e.V."]
[BlackTeam "TuS Makkabi Berlin e.V."]

1. d4 d5 2. Bf4 Nf6 3. e3 c5 4. c3 Qb6 5. Qb3 c4 6. Qxb6 axb6 7. Be2 Nc6 8. Nf3
e6 9. O-O Be7 10. Nbd2 O-O 11. b4 b5 12. Rfe1 Bd7 13. Bd1 Ra7 14. Bc2 Rfa8 15.
Bb1 Ra3 16. Rc1 Ne8 17. Ne5 Nxe5 18. Bxe5 Bd6 19. Nf3 Be7 20. Nd2 Nd6 21. g4 f6
22. Bg3 Nf7 23. h4 e5 24. f4 exd4 25. exd4 Bxg4 26. Re1 Rxc3 27. Kf2 Bxb4 28.
a3 Rcxa3 29. Rxa3 Bxa3 30. Bc2 Bb4 31. Ke3 Ra3+ 32. Kf2 Ra8 33. Ke3 Re8+ 34.
Kf2 Rxe1 35. Kxe1 Nd6 36. Bf2 Nf5 37. Bd1 Bxd1 38. Kxd1 Bc3 39. Nf3 b4 40. Kc2
Kf7 41. Kb1 g6 42. Kc1 Ke7 0-1